Sieťovanie kaučukových matríc pomocou dikumylperoxidu a zinkovej soli kyseliny metakrylovej
Saved in:
| Main Author: | |
|---|---|
| Other Authors: | |
| Format: | Manuscript Book |
| Language: | Slovak |
| Published: |
2018
|
| Subjects: | |
| Online Access: | http://is.stuba.sk/zp/portal_zp.pl?podrobnosti=136464 |
| Tags: |
No Tags, Be the first to tag this record!
|
MARC
| LEADER | 00000ntm a22000003a 4500 | ||
|---|---|---|---|
| 001 | stuzp67817 | ||
| 003 | SK-STU | ||
| 005 | 20180602210445.7 | ||
| 007 | ta | ||
| 008 | 150427s2015----xo-----f-mn---000-0-slo-d | ||
| 040 | |a STU |b slo | ||
| 041 | 0 | |a slo | |
| 100 | 1 | |a Dugasová, Zuzana |u 049370 |4 aut |U FCHPT Ústav prírodných a syntetických polymérov |T FCHPT Oddelenie plastov, kaučuku a vlákien |X 63664 |U C9370 |Y 128 |7 63664 | |
| 242 | 0 | 1 | |a Cross-linking of rubber matrices with dicumyl peroxide and zinc salt of methacrylic acid |y eng |
| 245 | 1 | 0 | |a Sieťovanie kaučukových matríc pomocou dikumylperoxidu a zinkovej soli kyseliny metakrylovej |
| 260 | |c 2018 | ||
| 650 | 4 | |a elastomérne matrice |2 slo | |
| 650 | 4 | |a peroxidová vulkanizácia |2 slo | |
| 650 | 4 | |a zinková soľ kyseliny metakrylovej |2 slo | |
| 650 | 4 | |a dikumylperoxid |2 slo | |
| 650 | 4 | |a sieťovanie |2 slo | |
| 650 | 4 | |a peroxide vulcanization |2 eng | |
| 650 | 4 | |a zinc salt of methacrylic acid |2 eng | |
| 650 | 4 | |a dicumyl peroxide |2 eng | |
| 650 | 4 | |a crosslinking |2 eng | |
| 650 | 4 | |a elastomeric matrices |2 eng | |
| 700 | 1 | |a Kruželák, Ján |u 049370 |k Z1 |4 ths |U FCHPT Ústav prírodných a syntetických polymérov |T FCHPT Oddelenie plastov, kaučuku a vlákien |X 25508 |U C9370 |Y 128 |7 A000025508 | |
| 856 | 4 | |u http://is.stuba.sk/zp/portal_zp.pl?podrobnosti=136464 | |